[Event "EU-ch Online U2300 Qual"]
[Site "Chess.com INT"]
[Date "2020.05.25"]
[Round "3"]
[White "Matthiesen, Martin"]
[Black "Agrafenin, Andrey Alexandrovic"]
[Result "0-1"]
[WhiteElo "2260"]
[BlackElo "2017"]
[PlyCount "34"]
[EventDate "2020.05.25"]
[EventType "swiss"]
[EventRounds "8"]
[EventCountry "NET"]
[SourceTitle "EXT 2021"]
[Source "ChessBase"]
[SourceDate "2020.10.23"]
[SourceVersion "1"]
[SourceVersionDate "2020.10.23"]
[SourceQuality "1"]

1. d4 Nf6 2. c4 e6 3. Nf3 d5 4. Nc3 Bb4 5. e3 0-0 6. Bd3 dxc4 7. Bxc4 c5 8. 0-0 cxd4 9. exd4 b6 10. Bg5 Bb7 11. Rc1 Be7 12. Re1 Nc6 13. Be3 Rc8 14. Bd3 Nb4 15. Bb1 Nbd5 16. Qd3 h6 17. Ne5 Nxc3 0-1

[Event "Minsk Bronstein Memorial op"]
[Site "Minsk"]
[Date "2015.02.14"]
[Round "3"]
[White "Agrafenin, Andrey Alexandrovic"]
[Black "Tihonov, Jurij"]
[Result "0-1"]
[WhiteElo "2014"]
[BlackElo "2404"]
[PlyCount "82"]
[EventDate "2015.02.14"]
[EventType "swiss (rapid)"]
[EventRounds "10"]
[EventCountry "BLR"]
[SourceTitle "EXT 2017"]
[Source "ChessBase"]
[SourceDate "2016.10.25"]
[SourceVersion "1"]
[SourceVersionDate "2016.10.25"]
[SourceQuality "1"]

1. c4 e5 2. Nc3 Nf6 3. Nf3 Nc6 4. g3 Bc5 5. Bg2 d6 6. 0-0 0-0 7. d3 a6 8. a3 h6 9. b4 Ba7 10. Rb1 Bf5 11. Nd2 Qd7 12. Nd5 Nxd5 13. Bxd5 Bh3 14. Bg2 Bxg2 15. Kxg2 f5 16. Nf3 Rae8 17. e3 f4 18. exf4 exf4 19. h4 fxg3 20. fxg3 Rf7 21. Bb2 Ref8 22. d4 Ne7 23. Qd3 Nf5 24. Rbe1 c6 25. Bc3 b5 26. cxb5 axb5 27. d5 cxd5 28. Nd4 Bxd4 29. Bxd4 Nxh4+ 30. gxh4 Qg4+ 31. Qg3 Qxg3+ 32. Kxg3 Rxf1 33. Re6 R1f3+ 34. Kg2 R3f4 35. Bb6 R8f6 36. Re8+ Kf7 37. Rb8 Rxh4 38. Bd8 Rg6+ 39. Kf2 Rh2+ 40. Ke3 Rh3+ 41. Kd4 Ke6 0-1